000
00189nam a2200085Ia 4500
008
220204s9999 xx 000 0 und d
100
_a
Robins, Denise
245
0
_a
More than love
942
_c
BK
999
_c
30409
_d
30409